Brasil 1942. (Record no. 27996)
[ view plain ]
| 000 -LEADER | |
|---|---|
| fixed length control field | 01483cam a22003491 4500 |
| 001 - CONTROL NUMBER | |
| control field | gs 44000153 |
| 003 - CONTROL NUMBER IDENTIFIER | |
| control field | DLC |
| 005 - DATE AND TIME OF LATEST TRANSACTION | |
| control field | 20260227111350.0 |
| 008 - FIXED-LENGTH DATA ELEMENTS--GENERAL INFORMATION | |
| fixed length control field | 921222s1943 bl ab 000 0 por c |
| 010 ## - LIBRARY OF CONGRESS CONTROL NUMBER | |
| LC control number | gs 44000153 |
| 035 ## - SYSTEM CONTROL NUMBER | |
| System control number | (OCoLC)27157965 |
| 040 ## - CATALOGING SOURCE | |
| Original cataloging agency | U.S. Geol. survey. Library |
| Transcribing agency | CLU |
| Modifying agency | CLU |
| -- | DLC |
| 042 ## - AUTHENTICATION CODE | |
| Authentication code | premarc |
| 050 00 - LIBRARY OF CONGRESS CALL NUMBER | |
| Classification number | TN41 |
| Item number | .A3 no. 56 |
| 082 ## - DEWEY DECIMAL CLASSIFICATION NUMBER | |
| Classification number | 622.0981 s |
| 110 1# - MAIN ENTRY--CORPORATE NAME | |
| Corporate name or jurisdiction name as entry element | Brazil. |
| Subordinate unit | Divisão de Fomento da Produção Mineral. |
| 245 00 - TITLE STATEMENT | |
| Title | Brasil 1942. |
| Remainder of title | Recursos minerais. |
| 260 ## - PUBLICATION, DISTRIBUTION, ETC. | |
| Place of publication, distribution, etc. | Rio de Janeiro, |
| Date of publication, distribution, etc. | 1943. |
| 300 ## - PHYSICAL DESCRIPTION | |
| Extent | 74 p. incl. tables, diagrs. |
| Other physical details | maps (part fold.) |
| Dimensions | 23 cm. |
| 490 1# - SERIES STATEMENT | |
| Series statement | Its Boletim |
| Volume/sequential designation | no. 56 |
| 500 ## - GENERAL NOTE | |
| General note | At head of title: Republica dos estados unidos do Brasil. Ministério da agricultura ... Departamento nacional da produção mineral ...Divisão de fomento da produção mineral ... |
| 500 ## - GENERAL NOTE | |
| General note | "Separata da publicação do Ministério das relações exteriores." |
| 500 ## - GENERAL NOTE | |
| General note | Contributions by Henrique Capper Alves de Souza, Waldemar José de Carvalho, Mario da Silva Pinto, and Fabio de Macedo Soares Guimarães. |
| 650 #0 - SUBJECT ADDED ENTRY--TOPICAL TERM | |
| Topical term or geographic name entry element | Mines and mineral resources |
| Geographic subdivision | Brazil. |
| 650 #0 - SUBJECT ADDED ENTRY--TOPICAL TERM | |
| Topical term or geographic name entry element | Geology |
| Geographic subdivision | Brazil. |
| 650 #0 - SUBJECT ADDED ENTRY--TOPICAL TERM | |
| Topical term or geographic name entry element | Water-power |
| Geographic subdivision | Brazil. |
| 700 2# - ADDED ENTRY--PERSONAL NAME | |
| Personal name | Capper Alves de Souza, Henrique. |
| 700 1# - ADDED ENTRY--PERSONAL NAME | |
| Personal name | Carvalho, Waldemar José de. |
| 700 1# - ADDED ENTRY--PERSONAL NAME | |
| Personal name | Pinto, Mario da Silva, |
| Dates associated with a name | 1907- |
| 700 2# - ADDED ENTRY--PERSONAL NAME | |
| Personal name | Macedo Soares Guimarães, Fabio de. |
| 830 #0 - SERIES ADDED ENTRY--UNIFORM TITLE | |
| Uniform title | Boletim (Brazil. Divisão de Fomento da Produção Mineral) ; |
| Volume/sequential designation | no. 56. |
No items available.